| 000 | 00550nam a2200217Ia 4500 | ||
|---|---|---|---|
| 003 | OSt | ||
| 005 | 20221006151902.0 | ||
| 006 | a|||||r|||| 00| 0 | ||
| 007 | ta | ||
| 008 | 221006b |||||||| |||| 00| 0 eng d | ||
| 024 | _a23,805 | ||
| 037 | _cTextual | ||
| 040 |
_aEASL _cEASL _beng |
||
| 041 |
_2eng _aeng |
||
| 100 |
_aLEE Yu-Ping _9660218 |
||
| 245 | 0 | _aViews and ideas on monetary reform in modern China | |
| 260 |
_aTaipei _bROC _c1987 |
||
| 300 |
_a264p. _ccm. |
||
| 942 |
_cTEXL _2CC |
||
| 999 |
_c1091891 _d1091891 |
||